000
00231nam a2200109 4500
999
_c
8266
_d
8266
003
OSt
005
20201008162108.0
008
201008b ||||| |||| 00| 0 eng d
082
_a
647.95
245
_a
Architectural Degest
942
_2
ddc